[Event "Belgrade Investbanka"]
[Site "Belgrade YUG"]
[Date "1989.11.??"]
[Round "1"]
[White "Damljanovic, Branko"]
[Black "Hjartarson, Johann"]
[Result "1/2-1/2"]
[WhiteElo "2555"]
[BlackElo "2555"]
[PlyCount "102"]
[EventDate "1989.11.14"]

1. Nf3 Nf6 2. c4 c5 3. Nc3 Nc6 4. g3 d5 5. cxd5 Nxd5 6. Bg2 Nc7 7. d3 e5 8. Nd2 Bd7 9. Nc4 b5 10. Ne3 Be7 11. a4 b4 12. Ncd5 Nxd5 13. Bxd5 Rc8 14. Bg2 O-O 15. Nc4 Be6 16. O-O Qd7 17. b3 f6 18. Bb2 Rfd8 19. Re1 Nd4 20. Bxd4 Qxd4 21. Qc2 f5 22. Rad1 Bf6 23. Bh3 Qd7 24. e4 f4 25. Bxe6+ Qxe6 26. Qe2 Rc7 27. gxf4 exf4 28. e5 Be7 29. Qf3 Rcd7 30. Re4 Rd4 31. Kf1 Rxe4 32. Qxe4 Rd4 33. Qf3 h6 34. h3 g5 35. Re1 Kg7 36. Ke2 Qd5 37. Qxd5 Rxd5 38. Kd2 Kf7 39. Re4 Ke6 40. f3 Bd8 41. d4 cxd4 42. Kd3 Bb6 43. Re1 Bc7 44. Rc1 Bxe5 45. Nd2 Bg7 46. Ne4 Ke7 47. Rc6 Bf8 48. Ra6 Rd7 49. Nc5 Rc7 50. Kxd4 Kf7 51. Ne4 Rd7+ 1/2-1/2

[Event "Belgrade Investbanka"]
[Site "Belgrade YUG"]
[Date "1989.11.??"]
[Round "1"]
[White "Ljubojevic, Ljubomir"]
[Black "Ehlvest, Jaan"]
[Result "1/2-1/2"]
[WhiteElo "2635"]
[BlackElo "2620"]
[PlyCount "41"]
[EventDate "1989.11.14"]

1. c4 Nf6 2. Nc3 c5 3. Nf3 Nc6 4. g3 g6 5. Bg2 Bg7 6. d4 cxd4 7. Nxd4 Nxd4 8. Qxd4 d6 9. O-O O-O 10. Bd2 Bd7 11. c5 Ne8 12. Qb4 a5 13. Qxb7 Rb8 14. Qa7 Rxb2 15. Ne4 Rxd2 16. Nxd2 Bxa1 17. Rxa1 dxc5 18. Qxc5 Nd6 19. a4 Qb8 20. Rb1 Qc8 21. Qxa5 1/2-1/2

[Event "Belgrade Investbanka"]
[Site "Belgrade YUG"]
[Date "1989.11.??"]
[Round "1"]
[White "Timman, Jan"]
[Black "Kozul, Zdenko"]
[Result "1-0"]
[WhiteElo "2635"]
[BlackElo "2560"]
[PlyCount "57"]
[EventDate "1989.11.14"]

1. c4 Nf6 2. Nc3 d5 3. cxd5 Nxd5 4. Nf3 g6 5. e4 Nxc3 6. dxc3 Qxd1+ 7. Kxd1 Nc6 8. Be3 e5 9. Bc4 f6 10. Kc2 Nd8 11. a4 Nf7 12. Nd2 Nd6 13. Bd5 c6 14. Bb3 Ke7 15. f4 Nxe4 16. Nxe4 Bf5 17. Kd3 Rd8+ 18. Ke2 Bxe4 19. fxe5 Bg7 20. exf6+ Bxf6 21. Rhe1 Kd7 22. Kf2 Rde8 23. Bxa7 Kc7 24. a5 Rhf8 25. Kg1 Bh4 26. g3 Bg5 27. Bc5 Rf5 28. Bb6+ Kc8 29. Re2 1-0

[Event "Belgrade Investbanka"]
[Site "Belgrade YUG"]
[Date "1989.11.??"]
[Round "2"]
[White "Hjartarson, Johann"]
[Black "Timman, Jan"]
[Result "1/2-1/2"]
[WhiteElo "2555"]
[BlackElo "2635"]
[PlyCount "73"]
[EventDate "1989.11.14"]

1. d4 Nf6 2. c4 e6 3. Nc3 Bb4 4. Qc2 O-O 5. a3 Bxc3+ 6. Qxc3 b6 7. Bg5 Bb7 8. f3 d6 9. e4 c5 10. d5 Nbd7 11. Nh3 h6 12. Bf4 exd5 13. cxd5 Re8 14. O-O-O Ne5 15. g4 Bc8 16. Kb1 Nxf3 17. Qxf3 Bxg4 18. Qb3 Bxd1 19. Qxd1 Nxe4 20. Bb5 Qf6 21. Bxe8 Rxe8 22. Qg4 Qg6 23. Qxg6 fxg6 24. Rd1 g5 25. Bd2 Rf8 26. Bc1 Rf5 27. Re1 Nf6 28. Re6 Rxd5 29. Re7 Re5 30. Rxa7 Re2 31. Bxg5 hxg5 32. Nxg5 g6 33. Rb7 Nd5 34. Rd7 Ne3 35. Ne4 Nc4 36. Nf6+ Kf8 37. Nh7+ {Ftacnik} 1/2-1/2

[Event "Belgrade Investbanka"]
[Site "Belgrade YUG"]
[Date "1989.11.??"]
[Round "3"]
[White "Ljubojevic, Ljubomir"]
[Black "Hjartarson, Johann"]
[Result "1/2-1/2"]
[WhiteElo "2635"]
[BlackElo "2555"]
[PlyCount "100"]
[EventDate "1989.11.14"]

1. e4 e5 2. Nf3 Nf6 3. Nxe5 d6 4. Nf3 Nxe4 5. d4 d5 6. Bd3 Nc6 7. O-O Be7 8. Re1 Bg4 9. c3 f5 10. Nbd2 O-O 11. Nf1 Bh4 12. g3 Bg5 13. Bxg5 Nxg5 14. Be2 Nh3+ 15. Kg2 f4 16. N3d2 Bxe2 17. Qxe2 Ng5 18. Qg4 fxg3 19. hxg3 Qf6 20. Re2 g6 21. f4 Nf7 22. Rae1 Nd6 23. Qf3 Qf7 24. Ne3 Nf5 25. Nxd5 Rad8 26. Re6 Ng7 27. Ne7+ Nxe7 28. Rxe7 Qxa2 29. Rxc7 Qxb2 30. Qd3 Ne8 31. Rb1 Qa2 32. Rcxb7 Nd6 33. R7b2 Qd5+ 34. Qf3 Qxf3+ 35. Kxf3 g5 36. Ra2 Rd7 37. Ra6 Rf6 38. Rb8+ Kg7 39. Ra8 gxf4 40. R8xa7 fxg3+ 41. Kxg3 Nf5+ 42. Kg4 Rxa7 43. Rxa7+ Kg6 44. Nc4 h5+ 45. Kh3 Kg5 46. d5 Kf4 47. Ra1 Rg6 48. Rf1+ Ke4 49. Nd2+ Ke5 50. c4 Ne3 1/2-1/2

[Event "Belgrade Investbanka"]
[Site "Belgrade YUG"]
[Date "1989.11.??"]
[Round "4"]
[White "Agdestein, Simen"]
[Black "Kozul, Zdenko"]
[Result "1-0"]
[WhiteElo "2605"]
[BlackElo "2560"]
[PlyCount "65"]
[EventDate "1989.11.14"]

1. c4 Nf6 2. Nc3 g6 3. g3 Bg7 4. Bg2 O-O 5. d4 d6 6. Nf3 c6 7. O-O Qa5 8. Nd2 Qb6 9. e3 Na6 10. a3 e5 11. dxe5 dxe5 12. b4 Bf5 13. Qe2 Rad8 14. c5 Qc7 15. e4 Bg4 16. f3 Be6 17. Nc4 Rd4 18. Nb2 h5 19. Be3 h4 20. g4 Rfd8 21. Qe1 h3 22. Bxh3 Nh5 23. Rf2 Nf4 24. Bf1 Qe7 25. Bxd4 exd4 26. Ne2 Nxe2+ 27. Bxe2 Nc7 28. Rd1 Bh6 29. f4 Bb3 30. g5 Bxd1 31. Bxd1 Bg7 32. Nd3 Nd5 33. exd5 1-0

[Event "Belgrade Investbanka"]
[Site "Belgrade YUG"]
[Date "1989.11.??"]
[Round "4"]
[White "Hjartarson, Johann"]
[Black "Ehlvest, Jaan"]
[Result "1/2-1/2"]
[WhiteElo "2555"]
[BlackElo "2620"]
[PlyCount "47"]
[EventDate "1989.11.14"]

1. d4 Nf6 2. c4 e6 3. Nf3 b6 4. g3 Ba6 5. b3 Bb4+ 6. Bd2 Be7 7. Bg2 c6 8. Bc3 d5 9. Ne5 Ne4 10. O-O Nxc3 11. Nxc3 O-O 12. e4 dxc4 13. Nxc4 b5 14. Ne3 Qa5 15. Qc2 Nd7 16. Rfd1 Rfd8 17. a3 Bb7 18. b4 Qb6 19. Qb3 a5 20. Rab1 axb4 21. axb4 e5 22. d5 Nf6 23. dxc6 Bxc6 24. Ncd5 1/2-1/2

[Event "Belgrade Investbanka"]
[Site "Belgrade YUG"]
[Date "1989.11.??"]
[Round "4"]
[White "Short, Nigel David"]
[Black "Ljubojevic, Ljubomir"]
[Result "1-0"]
[WhiteElo "2660"]
[BlackElo "2635"]
[PlyCount "59"]
[EventDate "1989.11.14"]

1. e4 c5 2. Nf3 d6 3. d4 cxd4 4. Nxd4 Nf6 5. Nc3 e6 6. g4 h6 7. h4 Nc6 8. Rg1 h5 9. gxh5 Nxh5 10. Be3 Nf6 11. Nf3 a6 12. Qe2 Qc7 13. O-O-O b5 14. Ng5 Qa5 15. f4 b4 16. Nb1 Qxa2 17. e5 dxe5 18. fxe5 Nd5 19. Bg2 Be7 20. Nxf7 Kxf7 21. Be4 Ke8 22. Rxg7 Bd7 23. Qg4 Kd8 24. Bxd5 exd5 25. e6 Be8 26. Bb6+ Kc8 27. Qf4 Ra7 28. Bxa7 Rxh4 29. Qg3 Qc4 30. Rxe7 1-0

[Event "Belgrade Investbanka"]
[Site "Belgrade YUG"]
[Date "1989.11.??"]
[Round "5"]
[White "Damljanovic, Branko"]
[Black "Yusupov, Artur"]
[Result "0-1"]
[WhiteElo "2555"]
[BlackElo "2610"]
[PlyCount "72"]
[EventDate "1989.11.14"]

1. d4 Nf6 2. Nf3 e6 3. c4 d5 4. Nc3 Be7 5. Bg5 O-O 6. e3 h6 7. Bh4 b6 8. Qb3 Bb7 9. Bxf6 Bxf6 10. Rd1 c6 11. e4 Nd7 12. cxd5 exd5 13. exd5 Re8+ 14. Be2 cxd5 15. O-O Nf8 16. Rfe1 Ne6 17. Bb5 Re7 18. Re3 Qd6 19. g3 a6 20. Bf1 b5 21. Bg2 Rc8 22. Ne2 b4 23. Qd3 a5 24. Qf5 Rce8 25. h4 Bc8 26. Qc2 Ba6 27. Nc1 Rc8 28. Qa4 Nxd4 29. Nxd4 Bxd4 30. Rxd4 Rxe3 31. fxe3 Qxg3 32. Nb3 Qxe3+ 33. Kh2 Rc2 34. Qd7 Qe5+ 35. Kh1 Rxb2 36. Qxd5 Rb1+ {Ftacnik} 0-1

[Event "Belgrade Investbanka"]
[Site "Belgrade YUG"]
[Date "1989.11.??"]
[Round "5"]
[White "Kozul, Zdenko"]
[Black "Hjartarson, Johann"]
[Result "0-1"]
[WhiteElo "2560"]
[BlackElo "2555"]
[PlyCount "50"]
[EventDate "1989.11.14"]

1. d4 Nf6 2. c4 e6 3. Nc3 Bb4 4. Qc2 O-O 5. Bg5 c5 6. dxc5 h6 7. Bh4 Na6 8. e4 Bxc3+ 9. bxc3 e5 10. O-O-O Nxc5 11. f4 Qb6 12. fxe5 Nfxe4 13. Bd3 Nxd3+ 14. Qxd3 d5 15. exd6 Bf5 16. Be7 Nxd6 17. Qxd6 Qb1+ 18. Kd2 Qc2+ 19. Ke3 Rfe8 20. Rd5 Qe4+ 21. Kf2 Rxe7 22. Nf3 Re6 23. Qc5 b6 24. Qd4 Qe2+ 25. Kg1 Be4 {Ftacnik} 0-1

[Event "Belgrade Investbanka"]
[Site "Belgrade YUG"]
[Date "1989.11.??"]
[Round "5"]
[White "Popovic, Petar"]
[Black "Agdestein, Simen"]
[Result "1/2-1/2"]
[WhiteElo "2550"]
[BlackElo "2605"]
[PlyCount "125"]
[EventDate "1989.11.14"]

1. e4 e5 2. Nf3 Nc6 3. Bb5 a6 4. Ba4 Nf6 5. O-O Be7 6. Re1 b5 7. Bb3 d6 8. c3 O-O 9. h3 Nd7 10. d4 Bf6 11. a4 Rb8 12. d5 Ne7 13. Na3 Nc5 14. axb5 axb5 15. Bc2 c6 16. b4 Na6 17. dxc6 Nxc6 18. Qe2 Nc7 19. Rd1 Be6 20. Rb1 Qd7 21. Ng5 Bxg5 22. Bxg5 f6 23. Be3 Rfd8 24. Bd3 Ne7 25. c4 bxc4 26. Bxc4 d5 27. Bc5 d4 28. b5 Bxc4 29. Nxc4 Ng6 30. b6 Nf4 31. Qa2 Nce6 32. Bd6 Rb7 33. Kh2 Kh8 34. Qb3 Ng5 35. Bc7 Rc8 36. Nd6 Rcxc7 37. bxc7 Rxb3 38. Rxb3 Qxc7 39. Rc1 Qd8 40. Rc8 Qxc8 41. Nxc8 h5 42. f3 d3 43. Ne7 Nge6 44. Nf5 Nc5 45. Rb8+ Kh7 46. Rd8 h4 47. Kg1 Nb3 48. Kf2 d2 49. Ne3 Nd4 50. Nd1 Kh6 51. Ra8 Nd3+ 52. Kf1 Kg5 53. Ra2 Nb3 54. Rc2 g6 55. Rc3 Nbc1 56. Rc2 Nb3 57. Ke2 Nf4+ 58. Kf1 Nd3 59. Ke2 Nf4+ 60. Kf2 Nd3+ 61. Ke3 Nf4 62. Rc3 Nd4 63. Kf2 1/2-1/2

[Event "Belgrade Investbanka"]
[Site "Belgrade YUG"]
[Date "1989.11.??"]
[Round "6"]
[White "Agdestein, Simen"]
[Black "Hjartarson, Johann"]
[Result "0-1"]
[WhiteElo "2605"]
[BlackElo "2555"]
[PlyCount "68"]
[EventDate "1989.11.14"]

1. d4 Nf6 2. c4 e6 3. Nf3 b6 4. g3 Ba6 5. Nbd2 c5 6. Bg2 Bb7 7. e4 cxd4 8. Nxd4 Bc5 9. Nc2 Qc7 10. O-O Be7 11. e5 Bxg2 12. exf6 Bxf1 13. fxe7 Bd3 14. Qf3 Bxc2 15. Qxa8 Kxe7 16. b3 Rd8 17. Ba3+ Ke8 18. Qf3 Qe5 19. Rc1 Bg6 20. Qd1 Qd4 21. Bb4 f6 22. Bc3 Qd3 23. h4 h6 24. Ba1 Nc6 25. Rc3 Qf5 26. g4 Qf4 27. Rg3 Kf7 28. g5 hxg5 29. hxg5 f5 30. Nf3 d5 31. cxd5 Rxd5 32. Qc2 Qd6 33. Rh3 Rd1+ 34. Kg2 Rxa1 0-1

[Event "Belgrade Investbanka"]
[Site "Belgrade YUG"]
[Date "1989.11.??"]
[Round "7"]
[White "Damljanovic, Branko"]
[Black "Agdestein, Simen"]
[Result "0-1"]
[WhiteElo "2555"]
[BlackElo "2605"]
[PlyCount "98"]
[EventDate "1989.11.14"]

1. Nf3 e6 2. g3 b5 3. Bg2 Bb7 4. O-O Nf6 5. b3 Be7 6. c4 bxc4 7. bxc4 c5 8. d3 O-O 9. Nbd2 Nc6 10. Rb1 Rb8 11. Qa4 Qc7 12. Nb3 d6 13. Bd2 Nd7 14. Rfc1 Nb6 15. Qa3 Ba8 16. Na5 Qd7 17. Rb5 f5 18. Bc3 e5 19. Nxc6 Bxc6 20. Ra5 Nc8 21. Ne1 e4 22. Bh3 Bd8 23. Ra6 Bb6 24. dxe4 Bxe4 25. Ba1 Bb7 26. Bg2 Bxa6 27. Qxa6 Bd8 28. Nd3 Nb6 29. Rd1 Bf6 30. Bxf6 Rxf6 31. Nf4 Qa4 32. Qxa4 Nxa4 33. h4 Kf8 34. Bc6 Nc3 35. Rd3 Nxa2 36. Ra3 Nb4 37. Bd7 a6 38. Kg2 Rb7 39. Be6 g6 40. Bd5 Nxd5 41. Nxd5 Re6 42. Kf3 Ra7 43. e3 Re8 44. Nc3 Ree7 45. g4 fxg4+ 46. Kxg4 h5+ 47. Kg5 Kg7 48. e4 Rf7 49. f4 Rae7 0-1

[Event "Belgrade Investbanka"]
[Site "Belgrade YUG"]
[Date "1989.11.??"]
[Round "7"]
[White "Ljubojevic, Ljubomir"]
[Black "Yusupov, Artur"]
[Result "1/2-1/2"]
[WhiteElo "2635"]
[BlackElo "2610"]
[PlyCount "43"]
[EventDate "1989.11.14"]

1. e4 e5 2. Nf3 Nf6 3. Nxe5 d6 4. Nf3 Nxe4 5. d4 d5 6. Bd3 Nc6 7. O-O Be7 8. c4 Nb4 9. Be2 O-O 10. Nc3 Bf5 11. a3 Nxc3 12. bxc3 Nc6 13. Re1 Bf6 14. Bf4 Rc8 15. Qa4 a6 16. Qb3 Na5 17. Qb4 c5 18. dxc5 Nc6 19. Qb3 Na5 20. Qb4 Nc6 21. Qb3 Na5 22. Qb4 1/2-1/2

[Event "Belgrade Investbanka"]
[Site "Belgrade YUG"]
[Date "1989.11.??"]
[Round "8"]
[White "Nikolic, Predrag"]
[Black "Kozul, Zdenko"]
[Result "0-1"]
[WhiteElo "2600"]
[BlackElo "2560"]
[PlyCount "86"]
[EventDate "1989.11.14"]

1. d4 Nf6 2. c4 g6 3. g3 Bg7 4. Bg2 d5 5. cxd5 Nxd5 6. e4 Nb6 7. Ne2 O-O 8. Nbc3 Nc6 9. d5 Na5 10. a4 c5 11. O-O c4 12. Be3 e6 13. h3 exd5 14. exd5 Bf5 15. Re1 Qd6 16. Nb5 Qd8 17. Nbd4 Bd3 18. Nf4 Re8 19. Nxd3 cxd3 20. Qxd3 Nac4 21. a5 Nxb2 22. Qb3 N6c4 23. a6 Rb8 24. Bf4 Bxd4 25. Bxb8 Qxb8 26. axb7 Rxe1+ 27. Rxe1 Nd6 28. Re7 Nbc4 29. Qf3 Kf8 30. Re1 Qxb7 31. Qf4 Bc3 32. Re2 a5 33. Bf1 Qb1 34. Kg2 a4 35. Re6 g5 36. Qxg5 fxe6 37. Qd8+ Ne8 38. dxe6 Qe4+ 39. Kh2 Ncd6 40. Qd7 Bf6 41. Bg2 Qc2 42. Qa7 Be7 43. Qd4 Nf6 {Ftacnik} 0-1

[Event "Belgrade Investbanka"]
[Site "Belgrade YUG"]
[Date "1989.11.??"]
[Round "9"]
[White "Kozul, Zdenko"]
[Black "Yusupov, Artur"]
[Result "1-0"]
[WhiteElo "2560"]
[BlackElo "2610"]
[PlyCount "79"]
[EventDate "1989.11.14"]

1. d4 e6 2. c4 f5 3. g3 Nf6 4. Bg2 d5 5. Nf3 c6 6. O-O Bd6 7. Nbd2 Nbd7 8. Qc2 O-O 9. b3 Qe7 10. a4 b6 11. a5 Ba6 12. Bb2 Rfc8 13. Rfc1 Ne4 14. Qd3 Bb4 15. axb6 axb6 16. Rxa6 Rxa6 17. cxd5 Ra2 18. Rxc6 Rca8 19. dxe6 Ndf6 20. Qc2 Qe8 21. Nxe4 fxe4 22. Ne5 Ba3 23. e7 b5 24. Bh3 Rxb2 25. Be6+ Kh8 26. Qc1 Ra2 27. Qg5 Qxe7 28. Qh4 g5 29. Qxg5 Rf8 30. Rc8 Rxc8 31. Nf7+ Qxf7 32. Bxf7 Be7 33. Qxb5 Kg7 34. Bc4 Ra7 35. Qe5 Rf8 36. g4 h6 37. h4 Kh7 38. Be6 Ne8 39. Bf5+ Kg8 40. Qe6+ 1-0

[Event "Belgrade Investbanka"]
[Site "Belgrade YUG"]
[Date "1989.11.??"]
[Round "9"]
[White "Ljubojevic, Ljubomir"]
[Black "Damljanovic, Branko"]
[Result "1-0"]
[WhiteElo "2635"]
[BlackElo "2555"]
[PlyCount "87"]
[EventDate "1989.11.14"]

1. e4 c5 2. Nf3 Nc6 3. Bb5 e6 4. O-O Nge7 5. Re1 a6 6. Bf1 d5 7. exd5 Nxd5 8. d4 Be7 9. Nbd2 cxd4 10. Nb3 O-O 11. Nbxd4 Nxd4 12. Qxd4 b5 13. a4 Bb7 14. axb5 axb5 15. Rxa8 Qxa8 16. c3 b4 17. c4 Nf6 18. Nd2 Rd8 19. Qe3 Bd6 20. h3 Qc8 21. Nb3 h6 22. Qb6 Qb8 23. Be3 Bh2+ 24. Kh1 Be5 25. Na5 Be4 26. f3 Bg3 27. Qxb8 Rxb8 28. Ra1 Ba8 29. Nb3 Bc6 30. Kg1 Rd8 31. Ra6 Be8 32. Bd4 e5 33. Bf2 Bxf2+ 34. Kxf2 Rd1 35. Ra1 Rd8 36. Be2 Kf8 37. Ra7 Rb8 38. Ke3 h5 39. h4 g6 40. Nc5 Rb6 41. Ra6 Rc6 42. Rxc6 Bxc6 43. Nd3 e4 44. Nxb4 1-0

[Event "Belgrade Investbanka"]
[Site "Belgrade YUG"]
[Date "1989.11.??"]
[Round "10"]
[White "Damljanovic, Branko"]
[Black "Ehlvest, Jaan"]
[Result "0-1"]
[WhiteElo "2555"]
[BlackElo "2620"]
[PlyCount "80"]
[EventDate "1989.11.14"]

1. Nf3 g6 2. d4 Bg7 3. e4 d6 4. Be2 Nf6 5. Nc3 O-O 6. O-O c6 7. a4 Nbd7 8. Be3 Qc7 9. Nd2 b6 10. f4 a6 11. Bd3 Bb7 12. e5 Ne8 13. Nce4 c5 14. c3 Qc6 15. Qe2 Nc7 16. Nf3 b5 17. a5 f6 18. e6 c4 19. Bc2 f5 20. Neg5 Nf6 21. Nh4 Nfd5 22. Bd2 Rf6 23. Rae1 Raf8 24. Qf3 h6 25. Qh3 Qe8 26. Nhf3 Bc8 27. Nf7 h5 28. N7g5 Nxe6 29. Nxe6 Rxe6 30. b3 Bf6 31. bxc4 bxc4 32. Rb1 Ne3 33. Rfc1 Nxc2 34. Rxc2 Qa4 35. Rcb2 Qxa5 36. Rb8 Qd5 37. Qg3 Kg7 38. Be1 Re3 39. Qf2 Qe4 40. Qa2 Re2 0-1

[Event "Belgrade Investbanka"]
[Site "Belgrade YUG"]
[Date "1989.11.??"]
[Round "10"]
[White "Yusupov, Artur"]
[Black "Hjartarson, Johann"]
[Result "1/2-1/2"]
[WhiteElo "2610"]
[BlackElo "2555"]
[PlyCount "35"]
[EventDate "1989.11.14"]

1. d4 Nf6 2. c4 e6 3. Nf3 b6 4. g3 Ba6 5. Nbd2 Bb7 6. Bg2 c5 7. O-O cxd4 8. b3 Be7 9. Bb2 O-O 10. Nxd4 Bxg2 11. Kxg2 Qc7 12. N2f3 a6 13. Rc1 d6 14. b4 Nc6 15. a3 Rac8 16. Nxc6 Qxc6 17. Kg1 d5 18. Bxf6 1/2-1/2

[Event "Belgrade Investbanka"]
[Site "Belgrade YUG"]
[Date "1989.11.??"]
[Round "10"]
[White "Popovic, Petar"]
[Black "Kozul, Zdenko"]
[Result "0-1"]
[WhiteElo "2550"]
[BlackElo "2560"]
[PlyCount "74"]
[EventDate "1989.11.14"]

1. e4 c5 2. Nf3 d6 3. d4 cxd4 4. Nxd4 Nf6 5. Nc3 Nc6 6. Bg5 e6 7. Qd2 a6 8. O-O-O Bd7 9. f4 b5 10. Bxf6 gxf6 11. Kb1 Qb6 12. Nce2 Na5 13. b3 Rb8 14. Ng3 h5 15. e5 d5 16. Be2 h4 17. Nh5 Rxh5 18. Bxh5 Nc4 19. Qd3 Qa5 20. Ka1 Ba3 21. Rb1 fxe5 22. bxc4 exd4 23. cxd5 Rc8 24. Rb3 Bb4 25. Kb1 Rc3 26. Qxd4 Rxb3+ 27. cxb3 Bc3 28. Qe3 b4 29. Rd1 Qa3 30. Qe2 e5 31. Bxf7+ Kxf7 32. Qh5+ Ke7 33. d6+ Kd8 34. Qh8+ Be8 35. Qf6+ Kc8 36. d7+ Kb7 37. d8=N+ Ka8 {(Anand)} 0-1

[Event "Belgrade Investbanka"]
[Site "Belgrade YUG"]
[Date "1989.11.??"]
[Round "11"]
[White "Ehlvest, Jaan"]
[Black "Timman, Jan"]
[Result "1/2-1/2"]
[WhiteElo "2620"]
[BlackElo "2635"]
[PlyCount "37"]
[EventDate "1989.11.14"]

1. e4 d6 2. d4 Nf6 3. Nc3 g6 4. Nf3 Bg7 5. Be2 O-O 6. O-O Bg4 7. Be3 Nc6 8. Qd2 e5 9. dxe5 dxe5 10. Rad1 Qc8 11. Qc1 Rd8 12. Rxd8+ Qxd8 13. Rd1 Qf8 14. h3 Bxf3 15. Bxf3 a6 16. Nb1 h5 17. c3 Kh7 18. Na3 Bh6 19. Nc2 1/2-1/2

[Event "Belgrade Investbanka"]
[Site "Belgrade YUG"]
[Date "1989.11.??"]
[Round "11"]
[White "Hjartarson, Johann"]
[Black "Popovic, Petar"]
[Result "0-1"]
[WhiteElo "2555"]
[BlackElo "2550"]
[PlyCount "80"]
[EventDate "1989.11.14"]

1. d4 Nf6 2. c4 g6 3. Nf3 Bg7 4. g3 O-O 5. Bg2 d5 6. cxd5 Nxd5 7. O-O Nb6 8. Nc3 Nc6 9. d5 Na5 10. e4 c6 11. Bg5 h6 12. Bf4 cxd5 13. exd5 Nac4 14. Qe2 g5 15. Bc1 e6 16. dxe6 Bxe6 17. Rd1 Qc8 18. Nd4 Bg4 19. Bf3 Bh3 20. Nd5 Nxd5 21. Bxd5 Rd8 22. Nc6 bxc6 23. Bxc4 Qf5 24. Bd3 Qe5 25. Qxe5 Bxe5 26. Bc2 c5 27. Re1 Bd4 28. Rb1 Rab8 29. b3 Rb6 30. Bb2 Bxb2 31. Rxb2 Kg7 32. Be4 c4 33. Rbb1 Rd4 34. Bg2 Bf5 35. Ra1 c3 36. Rac1 c2 37. Bf1 Rbd6 38. f3 Rd2 39. Be2 Re6 40. Kf1 Rexe2 {Ftacnik} 0-1

[Event "Belgrade Investbanka"]
[Site "Belgrade YUG"]
[Date "1989.11.??"]
[Round "11"]
[White "Kozul, Zdenko"]
[Black "Damljanovic, Branko"]
[Result "1-0"]
[WhiteElo "2560"]
[BlackElo "2555"]
[PlyCount "73"]
[EventDate "1989.11.14"]

1. d4 Nf6 2. c4 g6 3. Nc3 Bg7 4. e4 d6 5. f4 O-O 6. Nf3 c5 7. d5 e6 8. Be2 exd5 9. cxd5 Bg4 10. O-O Nbd7 11. Re1 a6 12. e5 dxe5 13. fxe5 Nh5 14. e6 fxe6 15. dxe6 Bxe6 16. Ng5 Bd4+ 17. Kh1 Bf7 18. Nxf7 Rxf7 19. Bc4 Ne5 20. Bxf7+ Nxf7 21. Be3 Qh4 22. Bxd4 cxd4 23. Ne4 Re8 24. g3 Qd8 25. Qb3 Kg7 26. Nc5 Ng5 27. Qxb7+ Kh6 28. Qg2 Rf8 29. Rf1 Rxf1+ 30. Rxf1 Qe7 31. Nd3 Qe3 32. Rd1 Nf6 33. Nf2 Nge4 34. Qxe4 Nxe4 35. Ng4+ Kg5 36. Nxe3 dxe3 37. Re1 1-0